| 000 | 00974nam a2200313Ia 4500 | ||
|---|---|---|---|
| 003 | OSt | ||
| 005 | 20220912145027.0 | ||
| 006 | a|||||r|||| 00| 0 | ||
| 007 | ta | ||
| 008 | 220909b |||||||| |||| 00| 0 eng d | ||
| 020 | _a0199276293 (pbk) | ||
| 024 | _a83077 | ||
| 037 | _b343, 05/02/2009, N R Book Distributors | ||
| 037 | _cTextual | ||
| 040 |
_aCSL _beng _cCSL |
||
| 041 | _aeng | ||
| 082 | _aG:52.2, P5 | ||
| 100 | _aDryzek John S Ed. | ||
| 245 | 0 | _aDebating the earth:environmental politics reader | |
| 250 | _a2 | ||
| 260 |
_aNew York _bOxford University Press _c2005 |
||
| 300 |
_ax, 658p. _ccm. |
||
| 500 | _aIncludes bibliographical references.; Bibliography 647-652p.; Index 653-658p. | ||
| 650 | _a Earth | ||
| 650 | _aEnvironment science | ||
| 700 | _a Schlosberg David Ed. | ||
| 942 |
_hG:52.2, P5 _cTEXL _2CC |
||
| 999 |
_c21269 _d21269 |
||